Socialequality : (Record no. 10242)

MARC details
000 -LEADER
fixed length control field 00562cam a2200217ua 4500
001 - CONTROL NUMBER
control field 11411
005 - DATE AND TIME OF LATEST TRANSACTION
control field 20260515114741.0
008 - FIXED-LENGTH DATA ELEMENTS--GENERAL INFORMATION
fixed length control field 190917n ii |||gr||||Z||||||eng
020 ## - INTERNATIONAL STANDARD BOOK NUMBER
International Standard Book Number 9789385528873
040 ## - CATALOGING SOURCE
Transcribing agency MAIN
082 ## - DEWEY DECIMAL CLASSIFICATION NUMBER
Classification number 305
100 ## - MAIN ENTRY--PERSONAL NAME
Personal name Sanjay Gaur,
Relator term Author.
245 ## - TITLE STATEMENT
Title Socialequality :
Remainder of title not a concept, it`s a necessity /
Statement of responsibility, etc. By Sanjay Gaur .
250 ## - EDITION STATEMENT
Edition statement 1st ed.
260 ## - PUBLICATION, DISTRIBUTION, ETC.
Place of publication, distribution, etc. Jaipur:
Name of publisher, distributor, etc. Yking books,
Date of publication, distribution, etc. 2018.
300 ## - PHYSICAL DESCRIPTION
Extent 248p.
653 ## - INDEX TERM--UNCONTROLLED
Uncontrolled term Social groups
653 ## - INDEX TERM--UNCONTROLLED
Uncontrolled term Social equality
700 ## - ADDED ENTRY--PERSONAL NAME
Personal name Dinesh Dixit,
Relator term Author.
942 ## - ADDED ENTRY ELEMENTS (KOHA)
Koha item type Books
Holdings
Withdrawn status Lost status Damaged status Not for loan Home library Current library Shelving location Date acquired Total checkouts Full call number Barcode Date last seen Copy number Price effective from Koha item type
        Naharkatiya College Library Naharkatiya College Library General stacks 09/19/2020   305Sociology | GAU 27340 09/19/2020 1 09/19/2020 Books